| 000 | 00989nam a22003977a 4500 | ||
|---|---|---|---|
| 003 | OSt | ||
| 005 | 20150525145017.0 | ||
| 008 | 130128t xxu||||| |||| 00| 0 eng d | ||
| 020 | _a9715845134 | ||
| 050 |
_aRA 410 _b.P766 2006 |
||
| 082 |
_aFIL338.4 _bP75 2006 |
||
| 100 | _aPolicaprio, Jonas D. | ||
| 245 |
_aEconomics in health : _bfor the Allied Health Sciences / _cPolicarpio, Jonas D. |
||
| 260 |
_aQuezon City : _bC & E Pub., _c2006. |
||
| 300 |
_axii, 171 pages : _billustrations ; _c22 cm. |
||
| 500 | _aIncludes bibliographical references. | ||
| 526 | _c1210L-1700L | ||
| 562 | _e15 | ||
| 650 | _aHealth economics. | ||
| 942 |
_2lcc _cBK _kFIL |
||
| 999 |
_c284358 _d284358 |
||